000 01189nam a22003737a 4500
003 CHAP
005 20220329143134.0
008 060718d2003 mx r 00110 spa d
010 _a92455
011 _a93427
020 _a9685580146
035 _a104001
040 _cCHAP
090 _aFolleto 17108
100 0 0 _aGonzález Estrada, Adrián.
_948884
245 1 0 _aImpacto económico del sistema de producción de algodón en surcos estrechos
_c/por Adrian González Estrada [y otros]
260 _aMéxico, D. F. :
_bINIFAP,
_c2003.
300 _a56 p.
410 2 1 _aINIFAP
490 0 _aPublicación técnica
_v;2
590 _aBATCH-UPD
_b10
_c20130110
_lUCH01
_h0630
590 _aBATCH-UPD
_b10
_c20130410
_lUCH01
_h0314
590 _aBATCH-UPD
_b10
_c20130914
_lUCH01
_h0106
590 _aCONVERSION
_b10
_c20130109
_lUCH01
_h1351
650 1 4 _aAlgodon
_xAspectos economicos.
_93967
650 1 4 _aAlgodón
_xRendimiento.
_94053
650 1 4 _aSistemas de cultivo.
_9106746
810 0 0 _aINIFAP
_958614
830 0 _aPublicación técnica
_v;2
_992779
901 _aBK
905 _aLilia
942 _cFOLL
949 _aFolleto 17108
_bBC
_cFOLL
_d33724002002611
_eTS1
_i104001
_sb
999 _c92455
_d92455